Interest charges (Record no. 65404)

MARC details
000 -LEADER
fixed length control field 01356cam a2200241 4500
001 - CONTROL NUMBER
control field ABS63115
008 - FIXED-LENGTH DATA ELEMENTS--GENERAL INFORMATION
fixed length control field 000000n2000 000 0 eng u
035 ## - SYSTEM CONTROL NUMBER
System control number (Sirsi) u109555
100 ## - MAIN ENTRY--PERSONAL NAME
Personal name Lewis, S.
245 ## - TITLE STATEMENT
Title Interest charges
260 ## - PUBLICATION, DISTRIBUTION, ETC.
Date of publication, distribution, etc. 2000
490 ## - SERIES STATEMENT
Series statement Building
Volume/sequential designation 265(8162) 17 November 2000, 64(1)
520 ## - SUMMARY, ETC.
Summary, etc. Examines the occurrence of champerty in the construction industry. Defines champerty as 'trafficking in litigation", where a dispute is initiated or taken over by a person who has no direct interest, but believes they will profit from it. In the construction industry, the allegation of champerty can apply to commercial transactions or in the case of insolvent construction companies with claims against others but no capital to allow the receivers or liquidators to proceed. Discusses the "Bevan Ashford" case, an example of the latter scenario, where the court held that the no-win, no-fee agreements were not champertous.
590 ## - LOCAL NOTE (RLIN)
Local note ABS
650 ## - SUBJECT ADDED ENTRY--TOPICAL TERM
Topical term or geographic name entry element BEVAN ASHFORD (A FIRM) V GEOFF YEANDLE (CONTRACTORS) LTD (IN LIQ)
650 ## - SUBJECT ADDED ENTRY--TOPICAL TERM
Topical term or geographic name entry element CHAMPERTY
650 ## - SUBJECT ADDED ENTRY--TOPICAL TERM
Topical term or geographic name entry element Insolvency
9 (RLIN) 6247
650 ## - SUBJECT ADDED ENTRY--TOPICAL TERM
Topical term or geographic name entry element LITIGATION
650 ## - SUBJECT ADDED ENTRY--TOPICAL TERM
Topical term or geographic name entry element MANAGEMENT-DISPUTE AVOIDANCE, MANAGEMENT AND RESOLUTION-DISPUTE MANAGEMENT AND RESOLUTION-ARBITRATION
650 ## - SUBJECT ADDED ENTRY--TOPICAL TERM
Topical term or geographic name entry element COMMERCIAL TRANSACTIONS
690 ## - LOCAL SUBJECT ADDED ENTRY--TOPICAL TERM (OCLC, RLIN)
Topical term or geographic name as entry element BUILDING AND CONSTRUCTION-LAW
942 ## - ADDED ENTRY ELEMENTS (KOHA)
Suppress in OPAC 0
Holdings
Withdrawn status Lost status Source of classification or shelving scheme Damaged status Not for loan Home library Current library Shelving location Date acquired Total Checkouts Full call number Barcode Date last seen Copy number Price effective from Koha item type
    Dewey Decimal Classification     London London Journal article 29/11/2000   ABS63115 109555-1001 06/08/2019 1 06/08/2019 Journal article